logo

Bir Sreshtho Munshi Abdur Rouf Library
Jhenaidah Cadet College

The fourth protocol / (Record no. 11028)

MARC details
000 -LEADER
fixed length control field 00800nam a2200277 a 4500
001 - CONTROL NUMBER
JCCL Control Number 11028
003 - CONTROL NUMBER IDENTIFIER
JCCL marc code BD-JhCC
005 - DATE AND TIME OF LATEST TRANSACTION
control field 20220120134023.0
008 - FIXED-LENGTH DATA ELEMENTS--GENERAL INFORMATION
fixed length control field 270619r20111984enk 000|f eng|d
020 ## - INTERNATIONAL STANDARD BOOK NUMBER
International Standard Book Number 9780099559849 (pbk.) :
Terms of availability £7.99
020 ## - INTERNATIONAL STANDARD BOOK NUMBER
International Standard Book Number 0099559846 (pbk.) :
Terms of availability £7.99
035 ## - SYSTEM CONTROL NUMBER
system control number (BD-JhCC)11028
040 ## - CATALOGING SOURCE
Original cataloging agency StDuBDS
Transcribing agency StDuBDS
Modifying agency Uk
-- BD-JhCC
041 ## - LANGUAGE CODE
Language code of Book eng
082 04 - DEWEY DECIMAL CLASSIFICATION NUMBER
Classification number 823.914
DDC Edition number 22
Author mark and Year FOR 2011
100 1# - MAIN ENTRY--PERSONAL NAME
Personal name Forsyth, Frederick,
Dates associated with a name 1938-
245 14 - TITLE STATEMENT
Title The fourth protocol /
Statement of responsibility, etc Frederick Forsyth.
260 ## - PUBLICATION, DISTRIBUTION, ETC. (IMPRINT)
Place of publication, distribution, etc London :
Name of publisher, distributor, etc Arrow,
Date of publication, distribution, etc 2011.
300 ## - PHYSICAL DESCRIPTION
Pagination 1 v. ;
Dimensions 20 cm.
500 ## - GENERAL NOTE
General note Originally published: London: Hutchinson, 1984.
500 ## - GENERAL NOTE
General note Formerly CIP.
Institution to which field applies Uk
610 10 - SUBJECT ADDED ENTRY--CORPORATE NAME
Corporate name or jurisdiction name as entry element Great Britain.
Subordinate unit MI5
650 ## - SUBJECT ADDED ENTRY--TOPICAL TERM
Topical term or geographic name as entry element Storbritannia
655 #0 -
Genre/form data or focus term Spy stories.
942 ## - ADDED ENTRY ELEMENTS (KOHA)
Source of classification or shelving scheme Dewey Decimal Classification
Koha item type Books
Koha issues (borrowed), all copies 13
Holdings
Source of classification or shelving scheme volume number Damaged status Not for loan Home library Current library Shelving location Date of accession Cost, normal purchase price Total Checkouts Full call number Barcode Date last seen Date checked out Copy number Koha item type Method of acquisition Currency
Dewey Decimal Classification V-1     JCC Rouf Library JCC Rouf Library General Stacks 06/27/2019 718.00 10 823.914 FOR 2011 15114 12/12/2024 12/11/2024 C-1 Books    
Dewey Decimal Classification       JCC Rouf Library JCC Rouf Library General Stacks   718.00   823.914 FOR 2011 19317 05/16/2024   C-1 Books Purchase BDT

JCC Library | Contacts | JCC Home

Last Update on 23 September 2017
Copyright @ 2017-2020 JCC Rouf Library
Rouf Library, Jhenidah Cadet College (JCC), Bangladesh